Word Ladder: Who Disturbs My Slumber? Quiz Stats

Quiz Updated Jul 7, 2015

Challenge
Share
Tweet
Embed
Score 0/17 Timer 02:00
3 Plays Today
Clue Answer % Correct
_____ Cassidy and the Sundance KidBUTCH
93.6%
A land flowing with milk and _____HONEY
89.2%
Midwife's expertiseBIRTH
89.2%
Bunch of cookiesBATCH
88%
Lotto winningsMONEY
87%
Tree with smooth barkBIRCH
86.8%
The Full _____ (1997 British comedy)MONTY
81.5%
He won Best Actor for 'The King's Speech'FIRTH
80.5%
Fashion designer ToryBURCH
78.7%
Clue Answer % Correct
OnwardFORTH
78.3%
Sharpens, as a skillHONES
77.5%
Champagne and chardonnayWINES
76.1%
Gregory who starred in 'Running Scared'HINES
69.6%
Jerry Seinfeld's fictional dadMORTY
55.5%
With [rung 9] + [rung 17], take a napCATCH
54%
With [rung 1] + [rung 17], take a napFORTY
52.7%
With [rung 1] + [rung 9], take a napWINKS
46.5%

Today's Daily Dose

Missing Word
NPR Programs

Quick Pick
1991 Events

On This Day
June 18th II

You're not logged in!

Compare scores with friends on all Sporcle quizzes.
Join for Free
OR
Log In

You Might Also Like...

Show Comments

Extras

Top Quizzes Today


Score Distribution

Your Account Isn't Verified!

In order to create a playlist on Sporcle, you need to verify the email address you used during registration. Go to your Sporcle Settings to finish the process.

Report this User

Report this user for behavior that violates our Community Guidelines.

Details: